[Event "Bayerische EM 2014 Allg. Gruppe"]
[Site "Westerndorf St. Peter/Rosenheim"]
[Date "2014.08.23"]
[Round "1.1"]
[White "Berchtenbreiter, Maximilian"]
[Black "Zill, Christoph"]
[Result "1/2-1/2"]
[WhiteElo "2412"]
[BlackElo "2182"]
[PlyCount "111"]
[EventDate "2014.??.??"]
[WhiteTeam "SG Pang-Rosenheim 1910 e.V."]
[BlackTeam "SK Freising"]

1. e4 e6 2. d4 d5 3. Nc3 dxe4 4. Nxe4 Bd7 5. Nf3 Bc6 6. Bd3 Nd7 7. Qe2 Ngf6 8.
O-O Nxe4 9. Bxe4 Bxe4 10. Qxe4 c6 11. Re1 Nf6 12. Qh4 Be7 13. Bg5 Nd7 14. Qg3
Bxg5 15. Nxg5 O-O 16. Rad1 h6 17. Ne4 Nf6 18. Nd6 Qc7 19. Rd3 Rfd8 20. Ne4 Qxg3
21. Nxf6+ gxf6 22. Rxg3+ Kf8 23. c3 Rd5 24. Rh3 Kg7 25. Rg3+ Kf8 26. Rh3 Kg7
27. Re4 Rh8 28. Kf1 f5 29. Ree3 Rhd8 30. f4 c5 31. dxc5 Rxc5 32. Rd3 Rxd3 33.
Rxd3 Rc4 34. g3 Rc7 35. Rd8 h5 36. Kg2 h4 37. gxh4 a5 38. Kf3 Rc5 39. Ke3 Rc4
40. Rd4 Rc8 41. a4 Rc7 42. c4 Kg6 43. b3 Rc6 44. Kd3 Rb6 45. Kc3 Kh5 46. c5 Rc6
47. Kc4 b6 48. Kb5 bxc5 49. Rd8 Rc7 50. Kb6 Re7 51. Kxa5 Rb7 52. Rh8+ Kg4 53.
h5 Kxf4 54. Rg8 Rxb3 55. h6 Rh3 56. Rh8 1/2-1/2

[Event "Bayerische EM 2014 Allg. Gruppe"]
[Site "Westerndorf St. Peter/Rosenheim"]
[Date "2014.08.23"]
[Round "1.2"]
[White "Lavrinenkov, Vadim"]
[Black "Stips, Felix"]
[Result "0-1"]
[WhiteElo "2178"]
[BlackElo "2315"]
[PlyCount "42"]
[EventDate "2014.??.??"]
[WhiteTeam "SK Kriegshaber"]
[BlackTeam "TSV Bindlach Aktionär-Schachabte"]

1. d4 d5 2. Nf3 Nf6 3. c4 c6 4. Nc3 a6 5. e3 b5 6. b3 Bg4 7. h3 Bxf3 8. Qxf3 e5
9. dxe5 Bb4 10. Bd2 Bxc3 11. Bxc3 Ne4 12. Rc1 Nxc3 13. Rxc3 Qa5 14. Kd2 dxc4
15. Be2 Qxa2+ 16. Rc2 Qa5+ 17. Rc3 O-O 18. Rb1 Nd7 19. Qf5 Rad8 20. Kc2 g6 21.
Qg5 Nc5 0-1

[Event "Bayerische EM 2014 Allg. Gruppe"]
[Site "Westerndorf St. Peter/Rosenheim"]
[Date "2014.08.23"]
[Round "1.3"]
[White "Hilverda, Alexander"]
[Black "Graf, Christian"]
[Result "1-0"]
[WhiteElo "2301"]
[BlackElo "2158"]
[PlyCount "101"]
[EventDate "2014.??.??"]
[WhiteTeam "SC Erlangen 48/88"]
[BlackTeam "SU Ebersberg-Grafing"]

1. d4 d5 2. c4 c6 3. Nf3 Nf6 4. Nc3 dxc4 5. a4 Bg4 6. Ne5 Bh5 7. g3 e6 8. Bg2
Bb4 9. O-O Nd5 10. Qc2 a5 11. Nxc4 Nb6 12. Nxb6 Qxb6 13. Rd1 O-O 14. Ne4 Nd7
15. Bf4 Bg6 16. Qb3 Be7 17. Qxb6 Nxb6 18. Nc5 Bxc5 19. dxc5 Nd5 20. Bd6 Rfe8
21. e4 Nf6 22. f3 Nd7 23. Rac1 f6 24. Rc3 e5 25. Bh3 Nf8 26. Rb3 Ne6 27. Rxb7
Nd4 28. Kf2 Bf7 29. Rb6 Be6 30. Bxe6+ Rxe6 31. Rd3 Ree8 32. f4 Ra7 33. Rd2 h6
34. Ke3 Kh7 35. Kd3 Kg8 36. Kc4 Kh7 37. Rf2 Kg8 38. fxe5 fxe5 39. Bxe5 Rxe5 40.
Kxd4 Re6 41. Rb8+ Kh7 42. Re2 Rd7+ 43. Kc4 Rd1 44. Ra8 Rc1+ 45. Kd4 Rd1+ 46.
Ke3 Rc1 47. Rxa5 Rc4 48. Kd3 Rb4 49. Kc3 Rexe4 50. Rxe4 Rxe4 51. Ra6 1-0

[Event "Bayerische EM 2014 Allg. Gruppe"]
[Site "Westerndorf St. Peter/Rosenheim"]
[Date "2014.08.23"]
[Round "1.4"]
[White "Michalek, Michal"]
[Black "Pohl-Kuemmel, Jens-Uwe"]
[Result "0-1"]
[WhiteElo "2153"]
[BlackElo "2270"]
[PlyCount "74"]
[EventDate "2014.??.??"]
[WhiteTeam "SV Seubelsdorf"]
[BlackTeam "TSV Wacker Neutraubling"]

1. d4 Nf6 2. c4 e6 3. g3 c5 4. d5 exd5 5. cxd5 d6 6. Nc3 g6 7. Bg2 Bg7 8. Nf3
O-O 9. O-O Na6 10. Nd2 Nc7 11. a4 b6 12. Nc4 Ba6 13. Qb3 Bxc4 14. Qxc4 a6 15.
Rb1 Nd7 16. f4 Rb8 17. b4 b5 18. axb5 axb5 19. Qd3 c4 20. Qc2 f5 21. h3 Nf6 22.
Kh2 Qd7 23. Be3 Rfe8 24. Qd2 Ra8 25. Ra1 Ne4 26. Bxe4 fxe4 27. Bd4 e3 28. Bxe3
Bxc3 29. Qxc3 Nxd5 30. Qd4 Nxe3 31. Rxa8 Nxf1+ 32. Kg1 Rxa8 33. Qd5+ Kg7 34.
Qxa8 Nxg3 35. Qf3 Nf5 36. e4 Qa7+ 37. Kh2 Qe3 0-1

[Event "Bayerische EM 2014 Allg. Gruppe"]
[Site "Westerndorf St. Peter/Rosenheim"]
[Date "2014.08.23"]
[Round "1.5"]
[White "Prediger, Rupert"]
[Black "Braun, Thomas"]
[Result "1-0"]
[WhiteElo "2253"]
[BlackElo "2151"]
[PlyCount "85"]
[EventDate "2014.??.??"]
[WhiteTeam "SG Pang-Rosenheim 1910 e.V."]
[BlackTeam "FC Bayern München e.V."]

1. e4 e6 2. d4 d5 3. Nc3 Bb4 4. exd5 exd5 5. Bd3 Nc6 6. a3 Bxc3+ 7. bxc3 Nge7
8. Qf3 Be6 9. Ne2 Qd7 10. h3 Bf5 11. Ng3 Bg6 12. O-O O-O 13. a4 Rfe8 14. Re1
Rad8 15. Bg5 f6 16. Bd2 Na5 17. h4 Nc4 18. Bf4 c6 19. h5 Bxd3 20. cxd3 Nd6 21.
Bxd6 Qxd6 22. Re3 Nc8 23. Rae1 Qf8 24. Nf5 Rxe3 25. Qxe3 Qf7 26. h6 g6 27. Ng7
Nd6 28. Qf4 Rd7 29. Re6 Qf8 30. Qxf6 Qxf6 31. Rxf6 Nf7 32. Ne6 Re7 33. a5 Re8
34. Nc5 Re1+ 35. Kh2 Nxh6 36. Rd6 Re7 37. a6 b6 38. Ne6 Nf5 39. Rxc6 h6 40. Nf4
g5 41. Nxd5 Re2 42. Rf6 Nh4 43. g3 1-0

[Event "Bayerische EM 2014 Allg. Gruppe"]
[Site "Westerndorf St. Peter/Rosenheim"]
[Date "2014.08.23"]
[Round "1.6"]
[White "Basener, Winfried"]
[Black "Schmid, Roland"]
[Result "0-1"]
[WhiteElo "2146"]
[BlackElo "2252"]
[PlyCount "109"]
[EventDate "2014.??.??"]
[WhiteTeam "SC Neuhausen 1908"]
[BlackTeam "TSV Wacker Neutraubling"]

1. e4 d6 2. d4 Nf6 3. Nc3 e5 4. dxe5 dxe5 5. Qxd8+ Kxd8 6. Bg5 c6 7. Bc4 Ke8 8.
f3 Nbd7 9. a3 Be7 10. Nge2 h6 11. Bd2 Nc5 12. Nd1 Nfd7 13. b4 Nb6 14. Ba2 Ne6
15. Ne3 Bg5 16. h4 Be7 17. Nf5 Bf8 18. h5 c5 19. Ne3 Bd7 20. c3 Rd8 21. Nc4
Nxc4 22. Bxc4 b5 23. Bb3 a5 24. O-O-O Be7 25. Kb2 Nc7 26. Be3 axb4 27. axb4
cxb4 28. Bb6 Rc8 29. Bxf7+ Kxf7 30. Rxd7 Na6 31. Kb3 Rc6 32. Be3 Rhc8 33. cxb4
Rc4 34. Bd2 Kf8 35. Rc1 Bxb4 36. Rxc4 Rxc4 37. Bxb4+ Rxb4+ 38. Kc2 Rc4+ 39. Kb2
Nc5 40. Rd5 Kf7 41. Rd6 b4 42. Rd2 Ke6 43. Kb1 b3 44. Kb2 Rb4 45. Nc3 Rd4 46.
Nb1 Rd3 47. Rxd3 Nxd3+ 48. Kxb3 Ne1 49. Nc3 Nxg2 50. Ne2 Ne1 51. Ng1 Kf6 52.
Kc4 Kg5 53. Kd5 Nd3 54. Ne2 Kxh5 55. f4 0-1

[Event "Bayerische EM 2014 Allg. Gruppe"]
[Site "Westerndorf St. Peter/Rosenheim"]
[Date "2014.08.23"]
[Round "1.7"]
[White "Schelle, Artur"]
[Black "Shashkin, Igor"]
[Result "1-0"]
[WhiteElo "2247"]
[BlackElo "2115"]
[PlyCount "69"]
[EventDate "2014.??.??"]
[WhiteTeam "SC Tarrasch 45 München"]
[BlackTeam "PTSV SK Hof 1892"]

1. e4 c5 2. Nc3 g6 3. f4 Bg7 4. Nf3 Nc6 5. Bb5 e6 6. e5 d5 7. Bxc6+ bxc6 8. O-O
c4 9. d4 cxd3 10. cxd3 c5 11. d4 c4 12. b3 Ba6 13. b4 Qd7 14. a4 Ne7 15. b5 Bb7
16. Qe1 Rb8 17. Ba3 Ra8 18. Kh1 h5 19. Nh4 Nf5 20. Nxf5 exf5 21. a5 Bf8 22. Qh4
Bxa3 23. Rxa3 Rd8 24. e6 fxe6 25. Qf6 Rg8 26. a6 Bc8 27. b6 Qe7 28. Qxe7+ Kxe7
29. bxa7 Bd7 30. Rb1 Ra8 31. Rb7 Kd6 32. Ra5 Bc8 33. Kg1 Kc6 34. Rc5+ Kd6 35.
Nb5# 1-0

[Event "Bayerische EM 2014 Allg. Gruppe"]
[Site "Westerndorf St. Peter/Rosenheim"]
[Date "2014.08.23"]
[Round "1.8"]
[White "Stadler, Alexander"]
[Black "Kunz, Konstantin"]
[Result "1-0"]
[WhiteElo "2109"]
[BlackElo "2235"]
[PlyCount "98"]
[EventDate "2014.??.??"]
[WhiteTeam "SV Röhrnbach e.V."]
[BlackTeam "SC Kitzingen von 1905"]

1. Nf3 c5 2. c4 b6 3. Nc3 Bb7 4. e4 d6 5. d4 cxd4 6. Nxd4 Nf6 7. Qd3 e6 8. Nb3
a6 9. Bf4 Nc6 10. Rd1 Ne5 11. Bxe5 dxe5 12. Qxd8+ Rxd8 13. Rxd8+ Kxd8 14. f3
Nd7 15. Bd3 Nc5 16. Nxc5 bxc5 17. Ke2 Be7 18. Bc2 Kc7 19. Rd1 h5 20. Ba4 Rd8
21. Rxd8 Kxd8 22. Nd1 Bg5 23. Nf2 Be7 24. Nd3 f6 25. a3 a5 26. Nc1 Kc7 27. Nb3
Kb6 28. Bd7 f5 29. Kd3 fxe4+ 30. fxe4 Bg5 31. a4 h4 32. Na1 Bc6 33. Bxc6 Kxc6
34. h3 Bc1 35. Nb3 Bxb2 36. Nxa5+ Kb6 37. Nb3 Bd4 38. Ke2 Kc6 39. Kf3 g5 40.
Kg4 Be3 41. Kh5 Kd7 42. Kg6 Ke7 43. Kg7 Bf2 44. Kh6 Be3 45. Kg6 Kd6 46. Kf6 Bf4
47. a5 Be3 48. a6 Kc6 49. Kxe5 Kd7 1-0

[Event "Bayerische EM 2014 Allg. Gruppe"]
[Site "Westerndorf St. Peter/Rosenheim"]
[Date "2014.08.23"]
[Round "1.9"]
[White "Taggatz, Mario"]
[Black "Lochte, Thomas"]
[Result "1-0"]
[WhiteElo "2231"]
[BlackElo "2108"]
[PlyCount "57"]
[EventDate "2014.??.??"]
[WhiteTeam "SC Gröbenzell"]
[BlackTeam "SK Weilheim"]

1. Nf3 Nf6 2. g3 c5 3. c4 Nc6 4. Bg2 d5 5. cxd5 Nxd5 6. d4 cxd4 7. Nxd4 e5 8.
Nxc6 bxc6 9. O-O Be7 10. Nc3 Be6 11. Qa4 O-O 12. Rd1 Nxc3 13. bxc3 Qc7 14. Be3
Bd5 15. Bxd5 cxd5 16. Rxd5 Qxc3 17. Rc1 Qb2 18. Qc2 Ba3 19. Qxb2 Bxb2 20. Rc2
Rfb8 21. Rd7 Ba3 22. Rcc7 Rb2 23. Rxa7 Rxa7 24. Rxa7 Bf8 25. Ra8 Rc2 26. a4 f6
27. a5 Kf7 28. a6 Rxe2 29. a7 1-0

[Event "Bayerische EM 2014 Allg. Gruppe"]
[Site "Westerndorf St. Peter/Rosenheim"]
[Date "2014.08.23"]
[Round "1.10"]
[White "Probst, Albert"]
[Black "Knechtel, Roland"]
[Result "1/2-1/2"]
[WhiteElo "2102"]
[BlackElo "2227"]
[PlyCount "76"]
[EventDate "2014.??.??"]
[WhiteTeam "SK Bruckmühl e.V."]
[BlackTeam "SV Röhrnbach e.V."]

1. f4 c5 2. b3 Nf6 3. Nf3 d6 4. Bb2 e6 5. e3 a6 6. a4 b6 7. Na3 Bb7 8. Nc4 Nbd7
9. Be2 Qc7 10. O-O Be7 11. Ng5 h6 12. Nh3 O-O 13. Bf3 b5 14. axb5 axb5 15. Na3
Qb6 16. Qe2 Rfb8 17. Bxb7 Qxb7 18. g4 b4 19. Nc4 Ne4 20. d3 Nc3 21. Bxc3 bxc3
22. Qg2 d5 23. Ne5 Nxe5 24. fxe5 Rxa1 25. Rxa1 Ra8 26. Rf1 Ra2 27. g5 hxg5 28.
Nxg5 Bxg5 29. Qxg5 Qa8 30. Qe7 Qf8 31. Qxf8+ Kxf8 32. Rf2 Ra1+ 33. Kg2 Ke7 34.
Kf3 Rd1 35. Rg2 Kf8 36. Rf2 Ke7 37. Ke2 Rc1 38. Kf3 Rd1 1/2-1/2

[Event "Bayerische EM 2014 Allg. Gruppe"]
[Site "Westerndorf St. Peter/Rosenheim"]
[Date "2014.08.23"]
[Round "1.11"]
[White "Wagner, Florian"]
[Black "Schlichtmann, Robin"]
[Result "1/2-1/2"]
[WhiteElo "2215"]
[BlackElo "2079"]
[PlyCount "76"]
[EventDate "2014.??.??"]
[WhiteTeam "SC Noris-Tarrasch Nürnberg 1873"]
[BlackTeam "SK Bruckmühl e.V."]

1. e4 e6 2. d4 d5 3. Nd2 Nf6 4. e5 Nfd7 5. f4 c5 6. c3 Nc6 7. Ndf3 Qb6 8. a3
Be7 9. b4 cxd4 10. cxd4 a6 11. h4 Qc7 12. Nh3 b5 13. Rb1 Nb6 14. Nf2 Nc4 15.
Nd3 a5 16. Nc5 axb4 17. axb4 Ra2 18. Qb3 Qa7 19. Be2 O-O 20. Bb2 f6 21. O-O
Bxc5 22. dxc5 Qa4 23. Qxa4 Rxa4 24. Bc3 Bd7 25. Bxc4 dxc4 26. Rfd1 Be8 27. exf6
gxf6 28. Rd6 Ra3 29. Be1 Kf7 30. Nd2 Rg8 31. Ne4 Re3 32. Nc3 Ke7 33. Nxb5 Ne5
34. Bf2 Nf3+ 35. Kf1 Nh2+ 36. Kg1 Nf3+ 37. Kf1 Nh2+ 38. Kg1 Nf3+ 1/2-1/2

[Event "Bayerische EM 2014 Allg. Gruppe"]
[Site "Westerndorf St. Peter/Rosenheim"]
[Date "2014.08.23"]
[Round "1.12"]
[White "Wilfert, André"]
[Black "Bintakies, Michael"]
[Result "0-1"]
[WhiteElo "2065"]
[BlackElo "2215"]
[PlyCount "80"]
[EventDate "2014.??.??"]
[WhiteTeam "1.FC Marktleuthen"]
[BlackTeam "SK Kriegshaber"]

1. d4 f5 2. Nf3 Nf6 3. g3 e6 4. Bg2 Be7 5. O-O O-O 6. c4 d6 7. Nc3 Ne4 8. Ne1
Nxc3 9. bxc3 e5 10. Qb3 Nc6 11. c5+ Kh8 12. cxd6 cxd6 13. dxe5 dxe5 14. Nd3 Qc7
15. Rb1 Na5 16. Qb5 Bd6 17. Be3 Bd7 18. Qb2 f4 19. gxf4 exf4 20. Bd4 f3 21.
Bxf3 Bxh2+ 22. Kg2 Bc6 23. Rh1 Nc4 24. Qc1 Bf4 25. Nxf4 Rxf4 26. Rh3 Raf8 27.
Qh1 Rg4+ 28. Kf1 Nd2+ 29. Ke1 Nxf3+ 30. exf3 Kg8 31. Rxh7 Rxf3 32. Rh8+ Kf7 33.
Qh5+ Rg6 34. Bxg7 Qe7+ 35. Be5 Qg5 36. Qh7+ Ke6 37. Bd4 Qg1+ 38. Ke2 Qxb1 39.
Qh2 Qc2+ 40. Ke1 Rg1+ 0-1

[Event "Bayerische EM 2014 Allg. Gruppe"]
[Site "Westerndorf St. Peter/Rosenheim"]
[Date "2014.08.23"]
[Round "1.13"]
[White "Grawe, Christian"]
[Black "Höller, Armin"]
[Result "1/2-1/2"]
[WhiteElo "2214"]
[BlackElo "2035"]
[PlyCount "126"]
[EventDate "2014.??.??"]
[WhiteTeam "Schachklub Germering e. V."]
[BlackTeam "SK Weilheim"]

1. e4 e5 2. Nf3 Nc6 3. Bb5 a6 4. Ba4 Nf6 5. O-O Be7 6. Qe2 b5 7. Bb3 d6 8. c3
Na5 9. Bc2 c5 10. Rd1 O-O 11. d3 Qc7 12. Nbd2 Re8 13. Nf1 Nc6 14. Ng3 Nd8 15.
a4 b4 16. Bb3 Be6 17. Nd2 Bxb3 18. Nxb3 a5 19. Nf5 Ne6 20. Qf3 Rab8 21. Nd2 Ng5
22. Qe2 Ne6 23. Nc4 bxc3 24. bxc3 d5 25. exd5 Nxd5 26. Qxe5 Qxe5 27. Nxe7+ Rxe7
28. Nxe5 Nxc3 29. Nc6 Ree8 30. Rf1 Ra8 31. Bd2 Nd4 32. Bxc3 Nxc6 33. Rfe1 Red8
34. Re3 Rab8 35. Kf1 Rb3 36. Rc1 Kf8 37. Ke2 Ra3 38. Kf3 Rxa4 39. Bb2 Nd4+ 40.
Bxd4 cxd4 41. Re5 f6 42. Rb5 Ra3 43. Ke4 Re8+ 44. Kxd4 Rd8+ 45. Ke4 Raxd3 46.
Rxa5 Kf7 47. Rc4 Rd2 48. Rf5 Re2+ 49. Kf3 Rdd2 50. Kg3 g6 51. Rc7+ Re7 52.
Rxe7+ Kxe7 53. Ra5 h5 54. h4 Rd3+ 55. f3 Ke6 56. Kh3 f5 57. Kg3 Rd4 58. Ra6+
Kf7 59. Kh3 Rb4 60. g3 Rb3 61. Kg2 Rb2+ 62. Kf1 Rc2 63. Rb6 Ra2 1/2-1/2

[Event "Bayerische EM 2014 Allg. Gruppe"]
[Site "Westerndorf St. Peter/Rosenheim"]
[Date "2014.08.23"]
[Round "1.14"]
[White "Blodig, Constantin"]
[Black "Straub, Jürgen"]
[Result "1-0"]
[WhiteElo "1939"]
[BlackElo "2201"]
[PlyCount "127"]
[EventDate "2014.??.??"]
[WhiteTeam "SK Kelheim 1920"]
[BlackTeam "SK Ingolstadt"]

1. e4 c5 2. Nc3 Nc6 3. g3 g6 4. Bg2 Bg7 5. d3 e6 6. Be3 d6 7. Qd2 Rb8 8. Nf3
Nd4 9. O-O Ne7 10. Bh6 O-O 11. Bxg7 Kxg7 12. Ne2 Nxf3+ 13. Bxf3 Nc6 14. c3 e5
15. d4 Qe7 16. Rad1 Bh3 17. Rfe1 Rbd8 18. d5 Nb8 19. Bg2 Bd7 20. c4 Na6 21. a3
b5 22. Qa5 Bc8 23. cxb5 Qc7 24. Qc3 Nb8 25. a4 a6 26. b4 Bd7 27. bxc5 Qxc5 28.
Qxc5 dxc5 29. Nc3 axb5 30. axb5 Rc8 31. Ra1 Rc7 32. Bf1 Rd8 33. Reb1 Be8 34. b6
Re7 35. Ra5 Rd6 36. Ra7 Kf8 37. Ra8 Rb7 38. Ra5 Nd7 39. Na4 Nf6 40. Nxc5 Rbxb6
41. Rxb6 Rxb6 42. f4 exf4 43. gxf4 Nh5 44. Nd3 Rb5 45. Ra7 f5 46. d6 fxe4 47.
Ne5 Rd5 48. d7 Bxd7 49. Nxd7+ Ke8 50. Be2 Kd8 51. Bxh5 Rxh5 52. Ne5 e3 53. Nf7+
Ke8 54. Nd6+ Kd8 55. Nf7+ Ke8 56. Ng5 Rh4 57. Ra4 h6 58. Re4+ Kd8 59. Ne6+ Kd7
60. Rxe3 Rg4+ 61. Kf2 Rh4 62. Kg3 Rh5 63. Nf8+ Kd6 64. Nxg6 1-0

[Event "Bayerische EM 2014 Allg. Gruppe"]
[Site "Westerndorf St. Peter/Rosenheim"]
[Date "2014.08.23"]
[Round "1.15"]
[White "Lederle, Vitus"]
[Black "Woitylak, Steffen"]
[Result "0-1"]
[WhiteElo "2200"]
[BlackElo "1921"]
[PlyCount "124"]
[EventDate "2014.??.??"]
[WhiteTeam "SC Dillingen"]
[BlackTeam "TV 1862 Geiselhöring"]

1. e4 c5 2. Nf3 Nc6 3. Nc3 g6 4. d4 cxd4 5. Nxd4 Bg7 6. Be3 d6 7. Qd2 Nf6 8. f3
O-O 9. O-O-O Nxd4 10. Bxd4 Be6 11. g4 a6 12. Kb1 b5 13. h4 b4 14. Nd5 Bxd5 15.
exd5 Qa5 16. g5 Nh5 17. Bxg7 Kxg7 18. Bh3 f5 19. gxf6+ Rxf6 20. Bg4 Nf4 21.
Rhe1 h5 22. Bd7 Qd8 23. Bc6 Rb8 24. Re4 Qf8 25. Rde1 Rf7 26. Bd7 Rb7 27. Bc6
Rb8 28. b3 a5 29. Qd4+ Kh7 30. Qa7 e5 31. Qxa5 Ng2 32. Rg1 Rxf3 33. Rxb4 Rxb4
34. Qxb4 Rf4 35. Qb7+ Rf7 36. Qa6 Nxh4 37. Qd3 Rf5 38. Bd7 Rf6 39. Rh1 Rf4 40.
Be6 Qf6 41. a4 e4 42. Qa6 Nf3 43. Rd1 Qc3 44. Qc8 Nd2+ 45. Ka2 Qd4 46. Qg8+ Kh6
47. Bf7 Rf6 48. Rh1 Qc3 49. Qh8+ Kg5 50. Rg1+ Kh4 51. Rc1 Qf3 52. Qd8 g5 53.
Be6 e3 54. Qxd6 Rf4 55. Qe5 e2 56. Re1 Ne4 57. Qa1 Qf1 58. d6 Nxd6 59. Qc3 Ne4
60. Qe3 g4 61. Ra1 Qxa1+ 62. Kxa1 Rf1+ 0-1

[Event "Bayerische EM 2014 Allg. Gruppe"]
[Site "Westerndorf St. Peter/Rosenheim"]
[Date "2014.08.23"]
[Round "1.16"]
[White "Köhler, Max"]
[Black "Heimrath, Reiner"]
[Result "0-1"]
[WhiteElo "1587"]
[BlackElo "2192"]
[PlyCount "58"]
[EventDate "2014.??.??"]
[WhiteTeam "SC Tarrasch 45 München"]
[BlackTeam "SC Noris-Tarrasch Nürnberg 1873"]

1. e4 g6 2. d4 Bg7 3. c3 d6 4. Bc4 a6 5. Qa4+ c6 6. Qb3 e6 7. Nf3 h6 8. Bf4 Ne7
9. e5 d5 10. Bd3 b6 11. Qa3 Nd7 12. Nbd2 c5 13. Rc1 c4 14. Be2 b5 15. b3 Bb7
16. bxc4 dxc4 17. Qb2 Nb6 18. Rb1 Bc6 19. Bg3 Nf5 20. O-O g5 21. h3 h5 22. Bh2
g4 23. Ne1 Bh6 24. hxg4 hxg4 25. Bxg4 Bxd2 26. Qxd2 Qh4 27. Qf4 Nd5 28. Nf3
Nxf4 29. Nxh4 Rxh4 0-1

[Event "Bayerische EM 2014 Allg. Gruppe"]
[Site "Westerndorf St. Peter/Rosenheim"]
[Date "2014.08.24"]
[Round "2.1"]
[White "Stips, Felix"]
[Black "Taggatz, Mario"]
[Result "1-0"]
[WhiteElo "2315"]
[BlackElo "2231"]
[PlyCount "61"]
[EventDate "2014.??.??"]
[WhiteTeam "TSV Bindlach Aktionär-Schachabte"]
[BlackTeam "SC Gröbenzell"]

1. Nf3 f5 2. c4 Nf6 3. g3 d6 4. d4 e6 5. Bg2 Be7 6. O-O O-O 7. Nc3 Ne4 8. Nxe4
fxe4 9. Nd2 d5 10. f3 Nc6 11. fxe4 Rxf1+ 12. Nxf1 dxc4 13. Be3 Bd7 14. e5 Rb8
15. Nd2 b5 16. Ne4 Be8 17. b3 Qd7 18. Bf2 Rd8 19. e3 Nxe5 20. Qc2 Nd3 21. bxc4
Nxf2 22. Kxf2 e5 23. d5 Bf7 24. cxb5 Bxd5 25. Rd1 Qf5+ 26. Kg1 Bg5 27. Rxd5
Rxd5 28. Qb3 Bxe3+ 29. Kh1 Qf7 30. Nf6+ Qxf6 31. Bxd5+ 1-0

[Event "Bayerische EM 2014 Allg. Gruppe"]
[Site "Westerndorf St. Peter/Rosenheim"]
[Date "2014.08.24"]
[Round "2.2"]
[White "Bintakies, Michael"]
[Black "Hilverda, Alexander"]
[Result "0-1"]
[WhiteElo "2215"]
[BlackElo "2301"]
[PlyCount "76"]
[EventDate "2014.??.??"]
[WhiteTeam "SK Kriegshaber"]
[BlackTeam "SC Erlangen 48/88"]

1. f4 d5 2. Nf3 Bg4 3. e3 Nd7 4. h3 Bxf3 5. Qxf3 c6 6. d4 e6 7. Bd3 Bd6 8. O-O
Qe7 9. c4 Ngf6 10. Nc3 O-O 11. c5 Bc7 12. Bd2 a5 13. Be1 b6 14. cxb6 Bxb6 15.
Na4 Ba7 16. Rc1 c5 17. dxc5 Nxc5 18. Nxc5 Bxc5 19. Bh4 Rfc8 20. Rc2 Qa7 21.
Bxf6 Bxe3+ 22. Kh1 gxf6 23. Re2 d4 24. Qh5 Kf8 25. Qxh7 f5 26. Rd1 Rc5 27. Qh6+
Ke7 28. Qg5+ Kf8 29. Qh6+ Ke8 30. Qh8+ Kd7 31. Qf6 Kc6 32. a4 Kb6 33. b3 Qc7
34. Bc4 Rc8 35. h4 Qxf4 36. h5 Rg8 37. Bxe6 fxe6 38. Rxe3 Qxe3 0-1

[Event "Bayerische EM 2014 Allg. Gruppe"]
[Site "Westerndorf St. Peter/Rosenheim"]
[Date "2014.08.24"]
[Round "2.3"]
[White "Pohl-Kuemmel, Jens-Uwe"]
[Black "Stadler, Alexander"]
[Result "1-0"]
[WhiteElo "2270"]
[BlackElo "2109"]
[PlyCount "93"]
[EventDate "2014.??.??"]
[WhiteTeam "TSV Wacker Neutraubling"]
[BlackTeam "SV Röhrnbach e.V."]

1. d4 Nf6 2. c4 g6 3. Nc3 Bg7 4. e4 d6 5. f3 O-O 6. Be3 c5 7. dxc5 dxc5 8. Qxd8
Rxd8 9. e5 Nfd7 10. f4 b6 11. Be2 Bb7 12. Bf3 Bxf3 13. Nxf3 Nc6 14. O-O-O Nf8
15. Nd5 Rd7 16. Rd2 Rad8 17. Rhd1 e6 18. Nc3 Rxd2 19. Rxd2 Rxd2 20. Kxd2 f6 21.
exf6 Bxf6 22. b3 e5 23. Nd5 Kf7 24. fxe5 Nxe5 25. Nxe5+ Bxe5 26. h3 Ne6 27. Kd3
Ng7 28. b4 Bd6 29. bxc5 bxc5 30. Nc3 Ke6 31. Ne4 Nh5 32. g4 Nf4+ 33. Bxf4 Bxf4
34. Nxc5+ Kd6 35. Nb3 Ke5 36. Nd4 a6 37. Nf3+ Kd6 38. Kd4 Bg3 39. c5+ Kc7 40.
Kd5 h5 41. Nd4 hxg4 42. hxg4 Bh2 43. Ne6+ Kb7 44. Nf8 g5 45. Ne6 Bf4 46. Nxf4
gxf4 47. Ke4 1-0

[Event "Bayerische EM 2014 Allg. Gruppe"]
[Site "Westerndorf St. Peter/Rosenheim"]
[Date "2014.08.24"]
[Round "2.4"]
[White "Heimrath, Reiner"]
[Black "Prediger, Rupert"]
[Result "1-0"]
[WhiteElo "2192"]
[BlackElo "2253"]
[PlyCount "65"]
[EventDate "2014.??.??"]
[WhiteTeam "SC Noris-Tarrasch Nürnberg 1873"]
[BlackTeam "SG Pang-Rosenheim 1910 e.V."]

1. e4 Nf6 2. Qe2 d5 3. e5 Nfd7 4. f4 e6 5. Nf3 c5 6. g3 Be7 7. d3 Nc6 8. Bg2 b5
9. c3 Qc7 10. O-O a5 11. Re1 g6 12. Be3 Rb8 13. b3 Nb6 14. Nbd2 Ba6 15. Bf1 b4
16. c4 Nd7 17. Qg2 d4 18. Bf2 Bb7 19. Qh3 a4 20. Bg2 Na5 21. Rab1 Bc6 22. Ne4
Bxe4 23. Rxe4 axb3 24. axb3 Nc6 25. Ra1 O-O 26. g4 Rfe8 27. Rae1 Bf8 28. Bg3 h6
29. f5 Ra8 30. Bf4 Ra3 31. Bxh6 exf5 32. gxf5 gxf5 33. Qg3+ 1-0

[Event "Bayerische EM 2014 Allg. Gruppe"]
[Site "Westerndorf St. Peter/Rosenheim"]
[Date "2014.08.24"]
[Round "2.5"]
[White "Schmid, Roland"]
[Black "Blodig, Constantin"]
[Result "1-0"]
[WhiteElo "2252"]
[BlackElo "1939"]
[PlyCount "45"]
[EventDate "2014.??.??"]
[WhiteTeam "TSV Wacker Neutraubling"]
[BlackTeam "SK Kelheim 1920"]

1. d4 Nf6 2. c4 d6 3. Nc3 g6 4. e4 Bg7 5. f3 O-O 6. Be3 Nbd7 7. Nge2 e5 8. Qd2
Ne8 9. O-O-O c6 10. dxe5 Nxe5 11. Nd4 a6 12. f4 c5 13. Nb3 Bg4 14. fxe5 Bxd1
15. Nxd1 Bxe5 16. Bh6 Ng7 17. Ne3 Qh4 18. Nd5 b5 19. Na5 Rab8 20. Nc6 Rb7 21.
Nxe5 dxe5 22. Bg5 Qxe4 23. Nf6+ 1-0

[Event "Bayerische EM 2014 Allg. Gruppe"]
[Site "Westerndorf St. Peter/Rosenheim"]
[Date "2014.08.24"]
[Round "2.6"]
[White "Woitylak, Steffen"]
[Black "Schelle, Artur"]
[Result "1/2-1/2"]
[WhiteElo "1921"]
[BlackElo "2247"]
[PlyCount "97"]
[EventDate "2014.??.??"]
[WhiteTeam "TV 1862 Geiselhöring"]
[BlackTeam "SC Tarrasch 45 München"]

1. Nf3 g6 2. e4 Bg7 3. d4 d6 4. Bc4 e6 5. O-O a6 6. a4 b6 7. Bg5 Ne7 8. Qd2 h6
9. Be3 Bb7 10. Bd3 Nd7 11. h3 e5 12. dxe5 dxe5 13. Nh2 Nf6 14. Nc3 Nc6 15. f4
exf4 16. Rxf4 Ne5 17. Raf1 Qe7 18. Be2 Rd8 19. Qc1 Nfd7 20. R4f2 Nc5 21. Ng4
Nxg4 22. Bxg4 O-O 23. Bxh6 Nxe4 24. Nxe4 Bxe4 25. Bg5 f6 26. Bh6 f5 27. Bxg7
Kxg7 28. Bf3 Qc5 29. Kh1 Rd4 30. c3 Rdd8 31. Bxe4 fxe4 32. Rxf8 Rxf8 33. Rxf8
Qxf8 34. Qe3 Qf1+ 35. Kh2 Qd3 36. Qg5 Qd6+ 37. Kh1 Qd1+ 38. Kh2 Qd6+ 39. Kh1
Kf7 40. Qg4 Qd3 41. Qf4+ Ke6 42. Qxc7 e3 43. Qxb6+ Ke5 44. Qc5+ Kf4 45. Qc7+
Kg5 46. Qe5+ Kh6 47. Qh8+ Kg5 48. Qe5+ Kh6 49. Qh8+ 1/2-1/2

[Event "Bayerische EM 2014 Allg. Gruppe"]
[Site "Westerndorf St. Peter/Rosenheim"]
[Date "2014.08.24"]
[Round "2.7"]
[White "Schlichtmann, Robin"]
[Black "Berchtenbreiter, Maximilian"]
[Result "0-1"]
[WhiteElo "2079"]
[BlackElo "2412"]
[PlyCount "52"]
[EventDate "2014.??.??"]
[WhiteTeam "SK Bruckmühl e.V."]
[BlackTeam "SG Pang-Rosenheim 1910 e.V."]

1. e4 c6 2. d4 g6 3. f4 d5 4. e5 h5 5. Nf3 Nh6 6. Be3 Bg4 7. h3 Nf5 8. Bf2 Bxf3
9. Qxf3 Qb6 10. b3 e6 11. c3 h4 12. Bd3 c5 13. dxc5 Bxc5 14. Bxc5 Qxc5 15. Qf2
Nd7 16. O-O Ng3 17. Rd1 Nh5 18. Qxc5 Nxc5 19. Bb5+ Ke7 20. Rf1 a6 21. Be2 Ng3
22. Re1 Nxe2+ 23. Rxe2 Nd3 24. Nd2 Nxf4 25. Re3 Rac8 26. Rf1 Rxc3 0-1